| 000 | 00485cam a2200205 4500 | ||
|---|---|---|---|
| 001 | B2236 | ||
| 008 | 090401t1989 xxu||||| |||| 00| 0 eng d | ||
| 035 | _a(Sirsi) u48886 | ||
| 041 | _aeng | ||
| 050 | _a333.337 | ||
| 110 |
_aDron and Wright _91943 |
||
| 245 | _aRent and rates review 1989 | ||
| 260 |
_aLondon _bDron and Wright _c1989 |
||
| 300 | _a(12)p. ; 30cm. | ||
| 350 | _a24.5 | ||
| 650 | _aINDUSTRIAL PROPERTY | ||
| 650 | _aOFFICES | ||
| 942 | _n0 | ||
| 948 | _c04/03/1997 | ||
| 999 |
_c92426 _d92426 |
||